Študentské centrum - SMART STUDENT - interiér

Guardado en:
Detalles Bibliográficos
Autor principal: Mlčáková, Kristýna, 1985- (Autor)
Otros Autores: Hronský, Michal C. 1969 (Orientador)
Formato: Manuscrito Libro
Lenguaje:eslovaco
Publicado: Bratislava : STU v Bratislave FA, 2010
Materias:
Acceso en línea:VAIS
Etiquetas: Agregar Etiqueta
Sin Etiquetas, Sea el primero en etiquetar este registro!

MARC

LEADER 00000ntm a22000003a 4500
001 stu219019
005 20220301131214.3
008 101208s2010----xo------------------slo-d
040 |a STU  |b slo 
041 0 |a slo 
044 |a xo 
100 1 |a Mlčáková, Kristýna,  |d 1985-  |4 aut  |u A  |T FAD Fakulta architektúry  |X 15963  |U A  |Y 50  |7 A000015963 
242 0 0 |a Student Centre - SMART STUDENT - Interior  |y eng 
242 0 0 |a Studentské centrum - SMART STUDENT - interiér  |y cze 
245 1 |a Študentské centrum - SMART STUDENT - interiér 
260 |a Bratislava :  |b STU v Bratislave FA,  |c 2010 
650 7 |a dizajn  |2 stusub 
650 7 |a design  |2 estusub 
650 7 |a interiér  |2 stusub 
650 7 |a interior  |2 estusub 
700 1 |a Hronský, Michal C.  |d 1969  |4 ths  |u A5150  |U FAD Fakulta architektúry  |T FA Ústav interiéru a výstavníctva  |X 404  |U A5150  |Y 396  |7 A000000404 
856 4 |a info a plný text  |u http://is.stuba.sk/zp/portal_zp.pl?podrobnosti=73550  |3 VAIS  |u https://opac.crzp.sk/?fn=detailBiblioForm&sid=60EB4B8819BA475A6935D2733210